| 000 | 00912nas a2200301 4500 | ||
|---|---|---|---|
| 001 | BR0300053 | ||
| 003 | BR-BrBNA | ||
| 005 | 20231205103444.0 | ||
| 007 | ta | ||
| 008 | 230509b bl.|||p| |||| 00| 00por d | ||
| 040 |
_aBR-BrBNA _bpor _cBiblioteca Nacional de Agricultura |
||
| 041 | _a(Pt) | ||
| 072 | _aL73 | ||
| 100 | 1 | _aDiniz, M.A.P.R | |
| 100 | 1 | _aBrandão, S.C.C. | |
| 100 | 1 | _aFerreira, C.L.L.F. | |
| 100 | 1 | _aVanetti, M.C.D. | |
| 100 | 1 | _aFinger, R. | |
| 245 | 1 | _aDeterminação da presença de resíduo inibidor no leite de vacas tratadas com Mastensin e Ácido acetilsalicílico | |
| 650 | _aVACA LEITEIRA | ||
| 650 | _aGADO MESTIÇO | ||
| 650 | _aMAMITE | ||
| 650 | _aRESÍDUO | ||
| 650 | _aANTIBIÓTICO | ||
| 773 | 0 |
_tHora Veterinária (Brazil) _xISSN 0101-9163 _g(Sep-Oct 2002), v. 22(129) p. 33-36 _wBR0300053 |
|
| 909 |
_a202311 _bLúcia _c55 _dLúcia Elande |
||
| 942 |
_2AGRIS _n0 _cANA |
||
| 999 |
_c172953 _d172953 |
||